Better Alone - Benson Boone (All Lyrics) - Statistics

General Stats
  • This quiz has been taken 43 times
  • The average score is 206 of 269
Answer Stats
Answer % Correct
be
100%
I
100%
the
100%
alone
97%
(alone)
97%
better
97%
maybe
97%
Maybe
97%
I'm
93%
get
90%
up
90%
you
90%
You
90%
afternoon
87%
her
87%
In
87%
in
87%
My
87%
my
87%
say
87%
to
87%
do
83%
early
83%
I'll
83%
that
83%
That
83%
time
83%
an
80%
see
80%
so
80%
there
80%
but
77%
But
77%
every
77%
heart
77%
Oh
77%
room
77%
won't
77%
can
73%
day
73%
go
73%
one
73%
too
73%
and
70%
dead
70%
got
70%
It
70%
it
70%
look
70%
me
70%
morning
70%
myself
70%
saw
70%
take
70%
upstairs
70%
was
70%
when
70%
don't
67%
door
67%
drops
67%
hair
67%
notice
67%
only
67%
opening
67%
past
67%
picture
67%
Run
67%
scared
67%
suddenly
67%
waited
67%
woke
67%
before
63%
care
63%
corner
63%
dark
63%
for
63%
Long
63%
oversized
63%
sweater
63%
Walking
63%
wasn't
63%
clearer
60%
courage
60%
Know
60%
pretend
60%
Right
57%
always
53%
(Ooh)
53%
Ooh
53%
way
53%
all
50%
another
50%
been
50%
if
50%
Imagine
50%
I've
50%
Then
50%
this
50%
two
50%
chance
47%
it's
47%
off
47%
Talked
47%
went
47%
have
43%
here
40%
let
40%
Guess
37%
Just
37%
just
37%
Mm
23%
No matching quizzes found
Score Distribution
Percent of People with Each Score
Percentile by Number Answered
Your Score History
You have not taken this quiz